Statistics for The Best Selling Rock and Roll Bands of All Time

Click here to take the quiz!

General Stats

  • This quiz has been taken 175 times
  • The average score is 7 of 15

Answer Stats

HintAnswer% Correct
#1The Beatles
92%
#8The Rolling Stones
89%
#6Pink Floyd
82%
#3Led Zeppelin
73%
#7AC/DC
63%
#11Metallica
62%
#2The Eagles
50%
#9Aerosmith
47%
#14U2
39%
#12Van Halen
33%
#13Fleetwood Mac
31%
#15Journey
28%
#5Elton John
21%
#10Bruce Springsteen
17%
#4Billy Joel
14%

Score Distribution

Percentile by Number Answered

Percent of People with Each Score

Your Score History

You have not taken this quiz